| 000 | 01398cam a2200301 i 4500 | ||
|---|---|---|---|
| 003 | SA-RiAUC | ||
| 005 | 20241223083833.0 | ||
| 008 | 241220s1996 su f b f000 0 ara c | ||
| 020 | _a9960031225 | ||
| 040 |
_aAE-AiULD _bara _cSA-RiAUC _erda |
||
| 082 | 0 | 4 | _a212.5 |
| 090 |
_a212.5 _bا ب ر |
||
| 100 | 1 |
_aالأبرش، مها عبد الله عمر _eمؤلف. |
|
| 245 | 1 | 2 |
_aالأمومة ومكانتها في الإسلام في ضوء الكتاب والسنة / _cإعداد مها عبد الله عمر الأبرش. |
| 264 | 1 |
_aمكة المكرمة : _bجامعة أم القرى، معهد البحوث العلمية وإحياء التراث الإسلامي، _c1996 |
|
| 300 |
_a2 مجلد ؛ _c24 سم. |
||
| 336 |
_aنص _btxt _2rdacontent _3كتاب |
||
| 337 |
_aبدون وسيط _bn _2rdamedia |
||
| 338 |
_aمجلد _bnc _2rdacarrier |
||
| 490 | 0 |
_aسلسلة الرسائل العلمية الموصى بطبعها / جامعة أم القرى (مكة المكرمة) ؛ _v5 |
|
| 500 | _aالأصل أطروحة ماجستير-جامعة أم القرى، مكة المكرمة، 1993. | ||
| 504 | _aببليوجرافية : صفحة 992-1017. | ||
| 650 | 7 |
_aالإسلام والأمومة _2aucsh |
|
| 650 | 7 |
_aالتربية الإسلامية _2aucsh |
|
| 650 | 7 |
_aالأمومة _2aucsh |
|
| 942 |
_2ddc _cBOOK _n0 |
||
| 949 |
_aSA-JeALM _d241220 _uosman123 _n1 |
||
| 999 |
_c3832 _d3832 |
||